Bildschirmtext. Einsatzmöglichkeiten und Nutzenpotentiale in kleinen und mittelstandischen Unternehmen.

Možnosti nasadenia obrazovkových textov v malých a stredných podnikoch. Možnosti napojenia na verejné siete a v rámci interného informačného systému. Prehľad nákladov pri rôznych variantoch pripojenia na verejné siete. Perspektívna výstavba integrovanej digitalizovanej siete telekomunikačných služie...

Ausführliche Beschreibung

Gespeichert in:
Bibliographische Detailangaben
1. Verfasser: Spindler, G.
Weitere Verfasser: Marticke, O.
Format: Buchkapitel
Sprache:Deutsch
Schlagworte:
Tags: Tag hinzufügen
Keine Tags, Fügen Sie das erste Tag hinzu!

MARC

LEADER 00000naa a2200000 4500
001 r005114
005 20221130103205.5
041 0 |a ger 
044 |a DE 
245 1 0 |a Bildschirmtext.  |b Einsatzmöglichkeiten und Nutzenpotentiale in kleinen und mittelstandischen Unternehmen.  |c G. Spindler, O. Marticke 
520 |a Možnosti nasadenia obrazovkových textov v malých a stredných podnikoch. Možnosti napojenia na verejné siete a v rámci interného informačného systému. Prehľad nákladov pri rôznych variantoch pripojenia na verejné siete. Perspektívna výstavba integrovanej digitalizovanej siete telekomunikačných služieb. 
610 2 0 |a systémy informačné 
610 2 0 |a náklady 
610 2 0 |a telekomunikácie 
610 2 0 |a podnik malý 
610 2 0 |a podnik stredný 
100 1 |a Spindler, G. 
700 1 |a Marticke, O.